000 01993cam a2200409 a 4500
001 1051460
003 OSt
005 20140310181619.0
008 900711s1991 nyu 000 1 eng
010 _a 90003945
020 _a0099830000
020 _a044021145x
040 _aDLC
_cDLC
_dDLC
_dOCoLC
_dDLC
043 _an-us---
050 0 0 _aPS 3557.R5355
_b.G869 1993
082 0 0 _aFIC
_bG88f 1991
100 1 _aGrisham, John.
245 1 4 _aThe firm /
_cJohn Grisham.
250 _a1st ed.
260 _aNew York :
_bDoubleday,
_cc1991.
300 _a421 p.
_c24 cm.
520 _aHe was young and had his dreams. He'd qualified third in his class at Harvard, now offers poured in from every law firm in America. They were small, but well-respected. They were prepared to match, and then exceed Mitch's wildest dreams -- eighty thousand a year, a BMW and a low interest mortgage. Soon the house, the care and the job are his. Then the nightmares begin: the secret files, the bugs in the new bedroom, the mysterious deaths of colleagues, and the millions of dollars of mob money pouring through the office into the Cayman Islands, dollars that the FBI will do anything to trace. Now Mitch stands alone in the place where dreams end and nightmares begin...
650 0 _aGovernment investigators
_vFiction.
650 0 _aOrganized crime
_vFiction.
650 0 _aLaw firms
_vFiction.
651 0 _aMemphis (Tenn.)
_vFiction.
655 7 _aDetective and mystery stories.
_2gsafd
655 7 _aLegal stories.
_2gsafd
856 4 1 _3Sample text
_uhttp://www.loc.gov/catdir/samples/random041/90003945.html
856 4 2 _3Publisher description
_uhttp://www.loc.gov/catdir/description/random043/90003945.html
856 4 2 _3Contributor biographical information
_uhttp://www.loc.gov/catdir/enhancements/fy0912/90003945-b.html
906 _a7
_bcbc
_corignew
_d1
_eocip
_f19
_gy-gencatlg
942 _2lcc
_cBK
999 _c80
_d80